000 00939nam a2200253Ia 4500
001 9742
003 GE_BSU
008 181216s||||||||xx |||||||||||||| ||und||
020 _a9789941163821.
040 _cGE_BSU
080 _a811.133.1-26
100 _aსაღინაძე,რუსუდან
245 _aსალიტერატურო ენის ნორმების საკითხები.
245 _bმონოგრაფია
245 _cრედ:ჟუჟუნა ფეიქრიშვილი.
260 _aთბილისი.
260 _bსაქართველოს მაცნე
260 _c2013.
300 _a215გვ;20სმ.
300 _bბიბლოგრ.გვ;211-214.
653 _aმონოგრაფია
653 _aსალიტერატურო ენის ნორმების საკითხები
942 _cBK
999 _c43023
_d43023